Bi-monthly research report (Record no. 84134)

MARC details
000 -LEADER
fixed length control field 00986cad a22002175a 4500
001 - CONTROL NUMBER
control field L156740
008 - FIXED-LENGTH DATA ELEMENTS--GENERAL INFORMATION
fixed length control field 120706s2012 xxk 000 0 eng d
035 ## - SYSTEM CONTROL NUMBER
System control number (Sirsi) u156740
041 0# - LANGUAGE CODE
Language code of text/sound track or separate title eng
110 2# - MAIN ENTRY--CORPORATE NAME
Corporate name or jurisdiction name as entry element CBRE
245 00 - TITLE STATEMENT
Title Bi-monthly research report
Remainder of title July 2012
Medium [electronic resource]
260 ## - PUBLICATION, DISTRIBUTION, ETC.
Place of publication, distribution, etc. Belfast
Name of publisher, distributor, etc. CBRE
Date of publication, distribution, etc. 2012
490 ## - SERIES STATEMENT
Series statement CBRE Bi-monthly Research Report
Volume/sequential designation July 2012
520 ## - SUMMARY, ETC.
Summary, etc. Provides a detailed commentary on the Irish commercial property market including Belfast. Covers the following markets: Dublin office and retail, Dublin and provincial industrial, Irish and UK investment, development land, hotels and licensed property, and the Belfast and provincial commercial property markets.
590 ## - LOCAL NOTE (RLIN)
Local note NTK KA
651 #4 - SUBJECT ADDED ENTRY--GEOGRAPHIC NAME
Geographic name Ireland (Republic of)
Chronological subdivision
651 #4 - SUBJECT ADDED ENTRY--GEOGRAPHIC NAME
Geographic name Northern Ireland
Chronological subdivision 2007-
690 ## - LOCAL SUBJECT ADDED ENTRY--TOPICAL TERM (OCLC, RLIN)
Topical term or geographic name as entry element Commercial property
9 (RLIN) 6227
856 40 - ELECTRONIC LOCATION AND ACCESS
Uniform Resource Identifier <a href="https://www.cbre.eu/portal/pls/portal/res_rep.show_report?report_id=1898">https://www.cbre.eu/portal/pls/portal/res_rep.show_report?report_id=1898</a>
Public note View the report at www.cbre.eu
942 ## - ADDED ENTRY ELEMENTS (KOHA)
Suppress in OPAC 0
Holdings
Withdrawn status Lost status Source of classification or shelving scheme Damaged status Not for loan Home library Current library Shelving location Date acquired Total Checkouts Full call number Barcode Date last seen Copy number Price effective from Koha item type
    Dewey Decimal Classification     Virtual Virtual Online 06/07/2012   ONLINE PUBLICATION 156740-2001 06/08/2019 1 06/08/2019 Book